| 000 | 00601nam a2200181 i 4500 | ||
|---|---|---|---|
| 001 | 37918 | ||
| 003 | ES-MaACL | ||
| 005 | 20230906155651.0 | ||
| 007 | t| | ||
| 008 | 030224s1966 sp ||||1| spa d | ||
| 100 | 1 |
_aCaidin, Martín. _933456 |
|
| 245 | 1 | 3 |
_aLa luna _b: un nuevo mundo para el hombre / _cMartin Caidin ; versión española de M. Lleget Colomer ; apendice por P. Mateu Sancho. |
| 260 |
_aBarcelona : _bToray, _c[1966] |
||
| 300 |
_a382 p., 3 lám. : _bil. ; _c24 cm. |
||
| 700 | 1 |
_aLleget, Marius. _972750 |
|
| 700 | 1 |
_aMateu Sancho, P. _979007 |
|
| 852 |
_aES-MaACL _jC-29335 _bR.59800 |
||
| 999 |
_c37918 _d37918 |
||